Landlocked Countries in Africa - Statistics

General Stats
  • This quiz has been taken 46,121 times
    46,053 since last reset
  • The average score is 14 of 16
Answers on the Map
Answers color-coded by a green-red scale on the quiz's map according to % correct below.
 
Answer Stats
Countries % Correct
Chad
96%
Niger
95%
Lesotho
94%
South Sudan
94%
Rwanda
93%
Central African Republic
92%
Zambia
92%
Zimbabwe
92%
Mali
90%
Uganda
90%
Botswana
88%
Burundi
88%
Eswatini
88%
Burkina Faso
87%
Malawi
85%
Ethiopia
79%
No matching quizzes found
Score Distribution
Percent of People with Each Score
Percentile by Number Answered
Your Score History
You have not taken this quiz since the last reset